000
00335nam a22001457a 4500
005
20240708134738.0
008
240708b |||||||| |||| 00| 0 eng d
020
_a
978-93-5266-508-2
041
_a
eng
100
_a
GIJUBHAI
_9
8457
245
_a
DIWASWAPAN
260
_a
NEW DELHI
_b
PRABHAT PAPERBACKS
300
_a
120; P
942
_c
BK
999
_c
8577
_d
8575